00470nam a2200169Ia 450000500170000000800410001702000150005808200130007310000110008624500190009726000330011630000130014965000180016294200060018095200990018699900150028520250508054750.0240331s9999 xx 000 0 und d a8187477040 bAMBa891 aAmbai, 0aKatil oru maan aNagercoilbKalachuvaduc2000 a168 p ., aShort Stories cL 001040708LaWERCLbWERCLcSSCd2024-03-31l0o 894.811 AMBp4272r2024-03-31w2024-03-31yL c4294d4294